Elementary matrix algebra (Record no. 3324)

MARC details
000 -LEADER
fixed length control field 00583nam a2200205Ia 4500
003 - CONTROL NUMBER IDENTIFIER
control field IN-BaIIA
008 - FIXED-LENGTH DATA ELEMENTS--GENERAL INFORMATION
fixed length control field 211028s9999 xx 000 0 eng d
040 ## - CATALOGING SOURCE
Transcribing agency IIA Library
080 ## - UNIVERSAL DECIMAL CLASSIFICATION NUMBER
Universal Decimal Classification number 512.8
Item number HOH
100 ## - MAIN ENTRY--PERSONAL NAME
Personal name Hohn, Franz E.
9 (RLIN) 5912
245 #0 - TITLE STATEMENT
Title Elementary matrix algebra
Statement of responsibility, etc. Franz E. Hohn
250 ## - EDITION STATEMENT
Edition statement 2nd ed.
260 ## - PUBLICATION, DISTRIBUTION, ETC.
Place of publication, distribution, etc. New York
Name of publisher, distributor, etc. Macmillan
Date of publication, distribution, etc. 1964
300 ## - PHYSICAL DESCRIPTION
Extent xiv, 395p.
490 ## - SERIES STATEMENT
Series statement A series of advanced mathematics texts
650 ## - SUBJECT ADDED ENTRY--TOPICAL TERM
Topical term or geographic name entry element Algebra
9 (RLIN) 1494
650 ## - SUBJECT ADDED ENTRY--TOPICAL TERM
Topical term or geographic name entry element Matrices
9 (RLIN) 2806
650 ## - SUBJECT ADDED ENTRY--TOPICAL TERM
Topical term or geographic name entry element NASA Thesaurus
942 ## - ADDED ENTRY ELEMENTS (KOHA)
Koha item type Books
Holdings
Withdrawn status Lost status Damaged status Not for loan Home library Current library Shelving location Date acquired Cost, normal purchase price Total Checkouts Full call number Barcode Date last seen Cost, replacement price Price effective from Koha item type Purchase Price
        IIA Library-Bangalore IIA Library-Bangalore General Stacks 22/11/1969 20.40   512.8/ HOH 3696 05/11/2021 20.40 22/11/1969 Books Rs. 20.40

Powered by Koha